| 000 | 00925nam a2200217 a 4500 | ||
|---|---|---|---|
| 001 | 000041568 | ||
| 005 | 20201002035638.0 | ||
| 008 | 131011s1993 sp 000 0 spa d | ||
| 020 | _a8400073223 | ||
| 040 |
_aDO-SdBNP _bspa _cBNPHU |
||
| 082 |
_axxx _bG216L |
||
| 100 | 1 |
_aGarcía Guerra, Delfín _968319 |
|
| 245 | 1 | 0 |
_aLepra asturiensis : _bla contribución asturiana en la historia de la Pelagra (siglos XVIII Y XIX) / _cDelfín García Guerra, Victor Alvarez Antuña ; prólogo Francisco Grande Covián. |
| 260 |
_aMadrid : _bUniversidad de Oviedo, Consejo Superior de Investigaciones Científicas, _c1993. |
||
| 300 |
_axxxi, 342 p. ; _c22 cm. |
||
| 490 | 1 |
_aEstudios sobre la ciencia _v19 |
|
| 500 | _aIncluye referencias bibliográficas y notas al pie de las páginas. | ||
| 504 | _aBibliografía: p. 329-342 | ||
| 700 | 1 | 2 |
_aGrande Covián, Francisco _epról. _950554 |
| 830 | 0 |
_aEstudios sobre la ciencia _n19 _968320 |
|
| 999 |
_c41058 _d41058 |
||